Statistics for Biggest Cities in Full Democracies

Click here to take the quiz!

General Stats

  • This quiz has been taken 76 times
  • The average score is 39 of 50

Answer Stats

PopulationCity% Correct
14.8 mLondon
99%
2.48 mAmsterdam
96%
11.4 mParis
96%
2.23 mStockholm
96%
4.73 mBerlin
94%
6.55 mMadrid
94%
2.25 mVienna
93%
4.78 mBarcelona
91%
2.88 mHamburg
91%
3.25 mRotterdam
91%
5.30 mSydney
91%
7.45 mToronto
91%
1.43 mZürich
91%
1.68 mCopenhagen
90%
4.98 mMelbourne
90%
4.23 mMontréal
90%
2.88 mVancouver
88%
1.30 mHelsinki
87%
1.88 mLiverpool
87%
1.98 mLyon
87%
3.05 mManchester
87%
2.25 mMunich
87%
3.15 mBirmingham
85%
1.39 mDublin
85%
3.25 mFrankfurt am Main
85%
2.08 mPerth
85%
3.15 mBrisbane
84%
1.68 mGlasgow
84%
1.25 mOttawa
84%
1.41 mAuckland
82%
5.00 mCologne / Düsseldorf
82%
1.66 mMarseille
82%
2.48 mLisbon
81%
1.50 mCalgary
75%
2.18 mLeeds
75%
1.29 mSeville
75%
2.40 mStuttgart
75%
1.84 mValencia
75%
1.34 mAdelaide
73%
1.37 mEdmonton
69%
1.54 mPorto
60%
1.48 mNewcastle
58%
7.25 mSantiago de Chile
58%
1.20 mNuremberg
54%
1.57 mSheffield
52%
1.29 mLille
51%
1.86 mMontevideo
45%
2.38 mSan José, Costa Rica
40%
1.38 mNottingham
36%
1.58 mMannheim
33%

Score Distribution

Percentile by Number Answered

Percent of People with Each Score

Your Score History

You have not taken this quiz